Miasta w województwie zachodniopomorskim - nagła śmierć - Statystyki

Ogólne statystyki
  • Ten quiz został rozwiązany 925 razy
  • Średni wynik to 10 z 20
Answers on the Grid
Answers color-coded by a green-red scale on the quiz's grid according to % correct below.
Szczecin
Gorzów Wielkopolski
Słupsk
Piła
Gryfino
Mysłowice
Bartoszyce
Nowogard
Rawicz
Nakło nad Notecią
Zabrze
Gryfice
Dębica
Koszalin
Myślibórz
Wałcz
Międzyzdroje
Łomża
Hajnówka
Choszczno
Gliwice
Jawor
Goleniów
Wejherowo
Jaworzno
Bytów
Koziegłowy
Jarosław
Lębork
Szczecinek
Bolesławiec
Czaplinek
Puck
Mirosławiec
Mielno
Reda
Chojnice
Barlinek
Łomianki
Borne Sulinowo
Iława
Ustka
Łęczna
Police
Pyrzyce
Chojna
Sandomierz
Jarocin
Jasło
Kołobrzeg
 
Statystyki odpowiedzi
Odpowiedź % Poprawnych
Szczecin
99%
Gryfino
69%
Koszalin
62%
Gryfice
58%
Międzyzdroje
58%
Kołobrzeg
56%
Szczecinek
54%
Goleniów
49%
Police
48%
Wałcz
47%
Nowogard
46%
Mielno
44%
Czaplinek
40%
Borne Sulinowo
37%
Choszczno
37%
Barlinek
36%
Myślibórz
34%
Pyrzyce
34%
Mirosławiec
28%
Chojna
25%
Nie znaleziono quizów pasujących do podanych kryteriów
Rozkład punktacji
Procent ludzi z każdym wynikiem
Percentyl według liczby udzielonych odpowiedzi
Twoja historia wyników
Nie rozwiązałeś tego quizu